| 000 | 00933nam a22002897a 4500 | ||
|---|---|---|---|
| 005 | 20210818114321.0 | ||
| 008 | 210818b xxu||||| |||| 00| 0 spa d | ||
| 020 | _a9788498395181 | ||
| 041 | _aspa | ||
| 082 | _a1.4.9 A561a | ||
| 100 |
_aAndreu Galdón, Violeta _961101 |
||
| 245 | _aAprovisionamiento y montaje para servicio de catering: organización, almacenimiento y disposión de materiales y géneros | ||
| 260 | _aEspaña | ||
| 260 | _bIdeaspropias | ||
| 260 | _c2014 | ||
| 300 | _a197 páginas | ||
| 650 |
_aSERVICIO DE CATERING _961102 |
||
| 650 |
_aDEPARTAMENTO DE MONTAJE _961103 |
||
| 650 |
_aORGANIZACIÓN DE CATERING _961104 |
||
| 650 |
_aMATRIALES Y EQUIPO _961105 |
||
| 650 |
_aMENAJE REUTILIZABLE _961106 |
||
| 650 |
_aMAQUINARIA Y EQUIPOS _961107 |
||
| 650 |
_aTRANSPORTE DE CATERING _961108 |
||
| 650 |
_aAPROVISIONAMIENTO DE CATERING _961109 |
||
| 650 |
_aPROCESO DE MONTAJE _961110 |
||
| 942 | _cBK | ||
| 999 |
_c13140 _d13140 |
||